The dialectic of the early Stoics /

Saved in:
Bibliographic Details
Main Author: Greco, Joseph V., 1928-
Format: Book
Language:English
Published: 1970.
Series:Philosophy series / the Catholic University of America ; no. 245
Subjects:
Tags: Add Tag
No Tags, Be the first to tag this record!
LEADER 00647nam a2200217Ia 4500
001 001028811-2
005 20020606090541.3
008 821108r19821970miu b 00010 eng d
035 0 |a ocm08935168 
040 |a HLS  |c HLS 
043 |a e-gr--- 
100 1 |a Greco, Joseph V.,  |d 1928- 
245 1 4 |a The dialectic of the early Stoics /  |c by Joseph V. Greco. 
260 1 |c 1970. 
300 |a 3, vi, 225 leaves. 
490 0 |a Philosophy series / the Catholic University of America ;  |v no. 245 
502 |a Thesis (Ph. D.)--Catholic University of America, 1970. 
504 |a Bibliography: leaves 215-225. 
650 0 |a Stoics. 
988 |a 20020608 
906 |0 MH